[Event "4NCL Division 4 South"]
[Site "Telford, ENG ENG"]
[Date "2016.01.17"]
[Round "4.155"]
[White "Graham, David B"]
[Black "Davis, Lee"]
[Result "1-0"]
[WhiteElo "2119"]
[BlackElo "2002"]
[PlyCount "119"]
[EventDate "2016.01.17"]
[WhiteTeam "Sussex Martlets 2"]
[BlackTeam "The Full Ponty"]

1. e4 g6 2. d4 d6 3. Nc3 Bg7 4. Be3 Nf6 5. Be2 O-O 6. h3 c6 7. a4 e5 8. Nf3 Qe7
9. dxe5 dxe5 10. O-O Nbd7 11. Nd2 Rd8 12. Nb3 Nf8 13. Qc1 Be6 14. Nc5 b6 15.
Nd3 Bc4 16. Re1 Bxd3 17. Bxd3 Ne6 18. a5 Nd4 19. Ne2 Nxe2+ 20. Rxe2 b5 21. Qe1
Bf8 22. Qc3 a6 23. Bb6 Rdc8 24. Qd2 c5 25. c4 b4 26. Bc2 Nd7 27. Qd5 Nf6 28.
Qd1 Nd7 29. Rd2 Nxb6 30. axb6 Qb7 31. Rd7 Qxb6 32. Qd5 Qf6 33. Rd1 a5 34. Ba4
Rab8 35. Rd3 Qe6 36. Qxe6 fxe6 37. Kf1 Bg7 38. R3d6 Bf8 39. Rxe6 Rd8 40. Ra6
Rxd7 41. Bxd7 Rd8 42. Be6+ Kg7 43. Bd5 h5 44. Rxa5 Kh6 45. Ke2 Kg5 46. Kd3 Kf6
47. Ra7 Be7 48. f4 Re8 49. Ra6+ Kg7 50. fxe5 Bh4 51. e6 Re7 52. e5 Bg3 53. Ke4
Bf2 54. b3 Bd4 55. Ba8 Kf8 56. Kd5 Re8 57. Ra7 Rd8+ 58. Ke4 Re8 59. Rf7+ Kg8
60. Bd5 1-0

[Event "4NCL Division 4 South"]
[Site "Telford, ENG ENG"]
[Date "2016.01.17"]
[Round "4.156"]
[White "Davies, Peter"]
[Black "Payne, Matthew J"]
[Result "0-1"]
[WhiteElo "2017"]
[BlackElo "2022"]
[PlyCount "84"]
[EventDate "2016.01.17"]
[WhiteTeam "The Full Ponty"]
[BlackTeam "Sussex Martlets 2"]

1. d4 Nf6 2. c4 g6 3. g3 Bg7 4. Bg2 d6 5. Nc3 O-O 6. Nf3 Nbd7 7. O-O e5 8. d5
a5 9. e4 Nc5 10. Qc2 a4 11. Be3 Qe8 12. Rad1 b6 13. b4 axb3 14. axb3 Ng4 15.
Bc1 f5 16. Ne1 fxe4 17. Nxe4 Bf5 18. f3 Bxe4 19. fxe4 Rxf1+ 20. Bxf1 Qf7 21.
Bg2 Nxb3 22. Qxb3 Qf2+ 23. Kh1 Qe2 24. Kg1 Nf2 25. Qb2 Qxd1 26. Kxf2 Qa4 27.
Bf1 Rf8+ 28. Nf3 Qd1 29. Bg2 Qd3 30. Qe2 Qd4+ 31. Ke1 Qa1 32. Qb2 Ra8 33. h4
Qxb2 34. Bxb2 Ra2 35. Ng5 Rxb2 36. Bh3 Rc2 37. Be6+ Kf8 38. Nxh7+ Ke7 39. Ng5
Rxc4 40. Bf7 Kf6 41. Be8 Bh6 42. Ne6 Rxe4+ 0-1

[Event "4NCL Division 4 South"]
[Site "Telford, ENG ENG"]
[Date "2016.01.17"]
[Round "4.157"]
[White "Higgs, Anthony R J"]
[Black "Adams, Mark"]
[Result "1/2-1/2"]
[WhiteElo "1976"]
[BlackElo "1986"]
[PlyCount "57"]
[EventDate "2016.01.17"]
[WhiteTeam "Sussex Martlets 2"]
[BlackTeam "The Full Ponty"]

1. Nf3 Nf6 2. c4 c5 3. g3 Nc6 4. Nc3 d6 5. Bg2 e6 6. O-O Bd7 7. d4 cxd4 8. Nxd4
Qb6 9. Ndb5 Ne5 10. Na4 Qd8 11. Bxb7 Rb8 12. Bg2 Bxb5 13. cxb5 Rxb5 14. b3 d5
15. Bb2 Bd6 16. Rc1 O-O {(=)} 17. Bxe5 Bxe5 18. Rc6 Nd7 19. Qd3 Rb7 20. Rfc1
Nb8 21. R6c2 f5 22. Nc5 Rb6 23. Nxe6 Rxe6 24. Bxd5 Qf6 25. Bxe6+ Qxe6 26. Qe3
f4 27. Qxa7 fxg3 28. hxg3 h5 29. Rc4 1/2-1/2

[Event "4NCL Division 4 South"]
[Site "Telford, ENG ENG"]
[Date "2016.01.17"]
[Round "4.158"]
[White "Fletcher, John"]
[Black "Graham, William M"]
[Result "1/2-1/2"]
[WhiteElo "1976"]
[BlackElo "1824"]
[PlyCount "93"]
[EventDate "2016.01.17"]
[WhiteTeam "The Full Ponty"]
[BlackTeam "Sussex Martlets 2"]

1. d4 Nf6 2. Nc3 d5 3. Bg5 e6 4. e4 dxe4 5. Nxe4 Be7 6. Bxf6 Bxf6 7. Nf3 Bd7 8.
Nxf6+ Qxf6 9. Ne5 Nc6 10. Nxd7 Kxd7 11. Bb5 a6 12. Bxc6+ Kxc6 13. c3 b6 14. O-O
Kb7 15. f4 Qf5 16. Qf3+ Qd5 17. f5 Qxf3 18. Rxf3 exf5 19. Rxf5 f6 20. Re1 Rae8
21. Rxe8 Rxe8 22. Kf2 Kc6 23. g4 Kd6 24. b3 Re4 25. h3 c6 26. Rf3 Ke6 27. Re3
f5 28. c4 Rxe3 29. Kxe3 fxg4 30. hxg4 h6 31. Ke4 g6 32. a4 b5 33. a5 bxc4 34.
bxc4 h5 35. gxh5 gxh5 36. Kf4 h4 37. Kg4 h3 38. Kxh3 Kf5 39. Kg3 Ke4 40. d5
cxd5 41. c5 Ke5 42. Kf3 d4 43. c6 Kd6 44. Ke4 Kxc6 45. Kxd4 Kb5 46. Kc3 Kxa5
47. Kb2 1/2-1/2

[Event "4NCL Division 4 South"]
[Site "Telford, ENG ENG"]
[Date "2016.01.17"]
[Round "4.159"]
[White "Liu, David J"]
[Black "Perrett, David C"]
[Result "1-0"]
[WhiteElo "1836"]
[BlackElo "1943"]
[PlyCount "89"]
[EventDate "2016.01.17"]
[WhiteTeam "Sussex Martlets 2"]
[BlackTeam "The Full Ponty"]

1. e4 Nf6 2. e5 Nd5 3. d4 d6 4. c4 Nb6 5. exd6 cxd6 6. Nc3 g6 7. Be3 Bg7 8. Rc1
O-O 9. b3 Nc6 10. d5 Ne5 11. Be2 f5 12. f4 Nf7 13. Nf3 Nd7 14. Nd4 Nf6 15. O-O
Re8 16. Bf3 e5 17. dxe6 Bxe6 18. Bxb7 Ng4 19. Nxe6 Qh4 20. h3 Nxe3 21. Qe1 Qxe1
22. Rfxe1 Rab8 23. Nxg7 Kxg7 24. Bf3 g5 25. fxg5 Nxg5 26. Kf2 f4 27. h4 Nxf3
28. Kxf3 Nf5 29. Rxe8 Rxe8 30. Kxf4 Nxh4 31. Rc2 Ng6+ 32. Kg3 a6 33. Nd5 h5 34.
Nc7 h4+ 35. Kf2 Rf8+ 36. Kg1 Kh6 37. Rd2 Rf6 38. Ne8 Re6 39. Nxd6 Ne5 40. c5
Ng4 41. Rd1 Re2 42. Nc4 Kg5 43. c6 Re7 44. Nb6 Ne3 45. Nd5 1-0

[Event "4NCL Division 4 South"]
[Site "Telford, ENG ENG"]
[Date "2016.01.17"]
[Round "4.160"]
[White "Thomas, Gary"]
[Black "Graham, Cassie M"]
[Result "1-0"]
[WhiteElo "1790"]
[BlackElo "1806"]
[PlyCount "85"]
[EventDate "2016.01.17"]
[WhiteTeam "The Full Ponty"]
[BlackTeam "Sussex Martlets 2"]

1. d4 Nf6 2. Nf3 g6 3. e3 Bg7 4. b3 d6 5. Bd3 O-O 6. Bb2 Nbd7 7. O-O Re8 8.
Nbd2 e5 9. e4 Nh5 10. Re1 Nf4 11. Bf1 exd4 12. g3 Ne6 13. Nc4 Ne5 14. Nxd4 Nxc4
15. Bxc4 Ng5 16. c3 h5 17. f3 h4 18. Qd3 Nh3+ 19. Kg2 Be5 20. Bc1 c5 21. Ne2 g5
22. f4 gxf4 23. gxf4 Qf6 24. f5 Ng5 25. Kh1 Kf8 26. Nf4 Qd8 27. Rg1 Nxe4 28.
Qxe4 Bd7 29. Qd5 Bc6 30. Nh5 Bxd5+ 31. Bxd5 Bf6 32. Bh6+ Ke7 33. Nxf6 Kxf6 34.
Bg5+ Ke5 35. Bxd8 Kxd5 36. Rad1+ Kc6 37. Bxh4 Re2 38. Rg7 Rxa2 39. Rxf7 Rg8 40.
Rf6 Rgg2 41. Rfxd6+ Kb5 42. Bg3 Rgb2 43. f6 1-0

[Event "4NCL Division 4 South"]
[Site "Telford, ENG ENG"]
[Date "2016.01.17"]
[Round "4.165"]
[White "Littlejohns, David P"]
[Black "Ireland, David J"]
[Result "1/2-1/2"]
[WhiteElo "2006"]
[BlackElo "1910"]
[PlyCount "89"]
[EventDate "2016.01.17"]
[WhiteTeam "West is Best 2"]
[BlackTeam "Throw in the Tal 1"]

1. e4 Nf6 2. e5 Nd5 3. c4 Nb6 4. d4 d6 5. exd6 exd6 6. Be3 Be7 7. Nf3 Bg4 8.
Nc3 Nc6 9. Rc1 O-O 10. b3 Bf6 11. Be2 Re8 12. O-O Nc8 13. Nd5 a5 14. Qd2 Nb4
15. Nxf6+ Qxf6 16. a3 Nc6 17. Rfe1 h6 18. h3 Bf5 19. d5 Ne5 20. Nxe5 dxe5 21.
c5 Ne7 22. Red1 Be4 23. d6 Red8 24. f3 Bc6 25. a4 Nd5 26. dxc7 Nxc7 27. Qe1 Nd5
28. Bc4 Nf4 29. Bxf4 Qxf4 30. Qe2 Rd4 31. Rxd4 Qxd4+ 32. Qf2 Rd8 33. Qxd4 Rxd4
34. Re1 e4 35. fxe4 Rxe4 36. Rxe4 Bxe4 37. Kf2 g5 38. g3 Kg7 39. Ke3 f5 40. h4
gxh4 41. gxh4 Kg6 42. Kf4 Kf6 43. Bg8 Bc6 44. Bc4 Be4 45. Bg8 1/2-1/2

[Event "4NCL Division 4 South"]
[Site "Telford, ENG ENG"]
[Date "2016.01.17"]
[Round "4.166"]
[White "Pink, Joshua"]
[Black "Taylor, William J"]
[Result "0-1"]
[WhiteElo "1927"]
[BlackElo "1957"]
[PlyCount "86"]
[EventDate "2016.01.17"]
[WhiteTeam "Throw in the Tal 1"]
[BlackTeam "West is Best 2"]

1. e4 e5 2. Nf3 Nc6 3. Bc4 Bc5 4. c3 Nf6 5. d4 exd4 6. cxd4 Bb4+ 7. Nc3 Nxe4 8.
O-O Bxc3 9. d5 Bf6 10. Re1 Ne7 11. Rxe4 d6 12. Bg5 Bxg5 13. Nxg5 h6 14. Nxf7
Kxf7 15. Qf3+ Nf5 16. g4 Rf8 17. gxf5 Kg8 18. Rae1 Bxf5 19. Re7 Be6 20. Qxf8+
Kxf8 21. R7xe6 Qh4 22. R1e4 Qg5+ 23. Kf1 Qc1+ 24. Kg2 Qxb2 25. Re2 Qc3 26. Bb3
Kg8 27. Bc2 Rf8 28. Be4 Qd4 29. h4 h5 30. Bf3 Rf6 31. Re8+ Rf8 32. R2e4 Qf6 33.
Rxf8+ Kxf8 34. Bxh5 g6 35. Bf3 a5 36. Kg3 Qc3 37. Re3 Qc4 38. h5 gxh5 39. Bxh5
Qxd5 40. Bf3 Qxa2 41. Bxb7 a4 42. f4 a3 43. Kf3 Qb2 0-1

[Event "4NCL Division 4 South"]
[Site "Telford, ENG ENG"]
[Date "2016.01.17"]
[Round "4.167"]
[White "Richardt, Mike"]
[Black "Goodwin, Ed H"]
[Result "0-1"]
[WhiteElo "2034"]
[BlackElo "1860"]
[PlyCount "102"]
[EventDate "2016.01.17"]
[WhiteTeam "West is Best 2"]
[BlackTeam "Throw in the Tal 1"]

1. d4 e6 2. c4 f5 3. g3 Nf6 4. Bg2 Be7 5. Nh3 d6 6. O-O O-O 7. Nd2 e5 8. e3 c6
9. dxe5 dxe5 10. Nf3 Bd6 11. c5 Bc7 12. b4 Qxd1 13. Rxd1 a5 14. Bb2 Re8 15. b5
cxb5 16. Nh4 Nc6 17. f4 e4 18. Bf1 Ng4 19. Ng2 h6 20. Bxb5 Be6 21. Nf2 Nxf2 22.
Kxf2 Red8 23. Ne1 Rxd1 24. Rxd1 Bxa2 25. Rd7 Rd8 26. Bxc6 bxc6 27. Rxg7+ Kf8
28. Bc3 Bf7 29. Rh7 Rd1 30. Rxh6 Rc1 31. Rxc6 Rxc3 32. Rxc7 a4 33. Ra7 a3 34.
c6 a2 35. c7 Rxc7 36. Ra8+ Kg7 37. h3 Rc1 38. g4 a1=Q 39. Rxa1 Rxa1 40. Ng2 Be6
41. Kg3 Rg1 42. Kf2 Ra1 43. Kg3 Ra3 44. gxf5 Bxf5 45. Nh4 Kf6 46. Ng2 Ra8 47.
h4 Rg8+ 48. Kf2 Bh3 49. Ne1 Rg4 50. h5 Rh4 51. Nc2 Rxh5 0-1

[Event "4NCL Division 4 South"]
[Site "Telford, ENG ENG"]
[Date "2016.01.17"]
[Round "4.168"]
[White "Price, Andrew"]
[Black "Davies, Matthew"]
[Result "1-0"]
[WhiteElo "1900"]
[BlackElo "1945"]
[PlyCount "57"]
[EventDate "2016.01.17"]
[WhiteTeam "Throw in the Tal 1"]
[BlackTeam "West is Best 2"]

1. e4 e6 2. d4 d5 3. exd5 exd5 4. Bd3 Bd6 5. Nf3 Nc6 6. c3 Bg4 7. O-O Qd7 8.
Nbd2 Nge7 9. Re1 f6 10. Nf1 O-O-O 11. Ne3 Bh5 12. b4 Rdg8 13. a4 g5 14. a5 f5
15. b5 Nb8 16. c4 Bb4 17. Rf1 Bc3 18. Ra2 Bxd4 19. Be2 Bf6 20. Nxd5 Nxd5 21.
Rd2 Bf7 22. cxd5 g4 23. Nd4 Rd8 24. Nxf5 h5 25. Ne3 Qd6 26. Nc4 Qf4 27. b6 axb6
28. Rc2 Qf5 29. Nxb6# 1-0

[Event "4NCL Division 4 South"]
[Site "Telford, ENG ENG"]
[Date "2016.01.17"]
[Round "4.169"]
[White "Carpenter, Dai"]
[Black "Byrne, Nigel"]
[Result "1/2-1/2"]
[WhiteElo "1964"]
[BlackElo "1870"]
[PlyCount "62"]
[EventDate "2016.01.17"]
[WhiteTeam "West is Best 2"]
[BlackTeam "Throw in the Tal 1"]

1. Nf3 d6 2. g3 e5 3. d3 Nf6 4. Bg2 c6 5. Nbd2 Be7 6. b3 O-O 7. Bb2 Nbd7 8. c4
Re8 9. O-O Bf8 10. e3 Nc5 11. Ne1 Bf5 12. d4 exd4 13. exd4 Nce4 14. Nxe4 Bxe4
15. d5 Bxg2 16. Nxg2 Be7 17. dxc6 bxc6 18. Qf3 Qc7 19. Ne3 Nd7 20. Rad1 Bf6 21.
Ba3 Ne5 22. Qf5 Re6 23. Ng4 Nxg4 24. Qxg4 Rae8 25. Bb4 c5 26. Bd2 Bd4 27. Rfe1
Qc8 28. Rxe6 Rxe6 29. Be3 Bxe3 30. fxe3 Qe8 31. Rd3 g6 1/2-1/2

[Event "4NCL Division 4 South"]
[Site "Telford, ENG ENG"]
[Date "2016.01.17"]
[Round "4.170"]
[White "Marlow, Ben"]
[Black "Staniforth, Matthew"]
[Result "0-1"]
[WhiteElo "1787"]
[BlackElo "1874"]
[PlyCount "62"]
[EventDate "2016.01.17"]
[WhiteTeam "Throw in the Tal 1"]
[BlackTeam "West is Best 2"]

1. c4 Nf6 2. Nc3 e6 3. g3 d5 4. cxd5 exd5 5. d4 c6 6. Bg2 Bd6 7. Nf3 O-O 8. O-O
Re8 9. a3 Nbd7 10. Bg5 h6 11. Bxf6 Nxf6 12. b4 Bf5 13. b5 Qa5 14. Qb3 Rab8 15.
e3 Bd3 16. Rfc1 Bc4 17. Qb2 cxb5 18. Nd2 Bf8 19. Nxc4 bxc4 20. Rcb1 Red8 21.
Qc2 b5 22. a4 b4 23. Ne2 b3 24. Qb2 Bb4 25. Rc1 Bd2 26. Rf1 c3 27. Qa3 c2 28.
Qb2 Rdc8 29. Rfc1 Qa6 30. Bf1 Qxe2 31. Bxe2 Bc3 0-1

[Event "4NCL Division 4 South"]
[Site "Telford, ENG ENG"]
[Date "2016.01.17"]
[Round "4.175"]
[White "Downham, Alan F"]
[Black "Paul, Nathanael"]
[Result "1-0"]
[WhiteElo "1979"]
[BlackElo "2012"]
[PlyCount "83"]
[EventDate "2016.01.17"]
[WhiteTeam "Iceni 2"]
[BlackTeam "Shropshire 2"]

1. c4 Nf6 2. Nc3 e5 3. g3 Nc6 4. Bg2 Bc5 5. e3 O-O 6. Nge2 Re8 7. d3 d6 8. O-O
Be6 9. d4 exd4 10. exd4 Nxd4 11. Nxd4 Bxc4 12. Nce2 Bxd4 13. Nxd4 Bxf1 14. Qxf1
c5 15. Nf5 Qb6 16. Bf4 Rad8 17. b3 d5 18. Qd3 Nh5 19. Bg5 Nf6 20. Rd1 d4 21.
Bxf6 Qxf6 22. Bxb7 Re5 23. Be4 Rde8 24. f3 h5 25. Nh4 g6 26. Ng2 Kg7 27. Nf4
Qe7 28. Ng2 Qf6 29. Rc1 g5 30. Qc4 Qe7 31. Rf1 f5 32. Bd3 f4 33. Be4 fxg3 34.
hxg3 h4 35. gxh4 gxh4 36. Kh1 Qf6 37. Qc1 Kh8 38. Qf4 Qe7 39. Qh6+ Kg8 40. Nxh4
Rg5 41. Bd5+ Rxd5 42. Rg1+ 1-0

[Event "4NCL Division 4 South"]
[Site "Telford, ENG ENG"]
[Date "2016.01.17"]
[Round "4.176"]
[White "Kolbusz, George"]
[Black "Ukken, Somton"]
[Result "1-0"]
[WhiteElo "1907"]
[BlackElo "1894"]
[PlyCount "143"]
[EventDate "2016.01.17"]
[WhiteTeam "Shropshire 2"]
[BlackTeam "Iceni 2"]

1. d4 d5 2. c4 e6 3. Nc3 Nf6 4. Nf3 Be7 5. e3 O-O 6. Bd3 dxc4 7. Bxc4 a6 8. a4
a5 9. O-O Na6 10. e4 Nb4 11. e5 Nfd5 12. Ne4 b6 13. Bg5 h6 14. Bxe7 Qxe7 15.
Ra3 Ba6 16. Bb5 Bxb5 17. axb5 Rad8 18. Qc1 Qd7 19. Nh4 f5 20. exf6 Nxf6 21.
Nxf6+ Rxf6 22. Nf3 Nd5 23. Qc4 Qf7 24. Ne5 Qh5 25. Rh3 Qg5 26. Rg3 Qh5 27. Qc1
Nf4 28. Rxg7+ Kf8 29. Qxc7 Re8 30. Nd7+ Kxg7 31. Nxf6+ Kxf6 32. Qxf4+ Kg6 33.
Qe4+ Kf6 34. Qc6 Rg8 35. Re1 Qd5 36. g3 Qxc6 37. bxc6 Rc8 38. Rc1 e5 39. d5 Ke7
40. f3 Kd6 41. Rd1 b5 42. Kf2 a4 43. Ke3 b4 44. Ke4 a3 45. bxa3 bxa3 46. Ra1
Ra8 47. Ra2 Ra4+ 48. Ke3 Ra5 49. g4 Kxd5 50. c7 Rc5 51. Rxa3 Rxc7 52. Ra5+ Kd6
53. Ra6+ Kd5 54. Rxh6 Rc3+ 55. Kf2 e4 56. fxe4+ Kxe4 57. h3 Kf4 58. Rf6+ Kg5
59. Rf5+ Kg6 60. Rf3 Rc4 61. Kg3 Ra4 62. h4 Rb4 63. h5+ Kg7 64. g5 Ra4 65. Rf4
Ra5 66. Kg4 Rb5 67. h6+ Kg8 68. g6 Rb8 69. Kg5 Ra8 70. h7+ Kg7 71. Rf7+ Kh8 72.
Kh6 1-0

[Event "4NCL Division 4 South"]
[Site "Telford, ENG ENG"]
[Date "2016.01.17"]
[Round "4.177"]
[White "Jones, Robert L"]
[Black "Maydew, Simon"]
[Result "1/2-1/2"]
[WhiteElo "1832"]
[BlackElo "1840"]
[PlyCount "32"]
[EventDate "2016.01.17"]
[WhiteTeam "Iceni 2"]
[BlackTeam "Shropshire 2"]

1. e4 d5 2. d4 dxe4 3. Nc3 Nf6 4. f3 exf3 5. Nxf3 g6 6. Bc4 Bg7 7. O-O O-O 8.
Qe1 Bf5 9. Bb3 Nc6 10. Ne2 a5 11. c3 Bd3 12. a4 e6 13. Bg5 h6 14. Bh4 Qe8 15.
Rd1 Bf5 16. Bg3 Qe7 1/2-1/2

[Event "4NCL Division 4 South"]
[Site "Telford, ENG ENG"]
[Date "2016.01.17"]
[Round "4.178"]
[White "Tarr, Steve F"]
[Black "Lovell, Steve"]
[Result "1/2-1/2"]
[WhiteElo "1885"]
[BlackElo "1766"]
[PlyCount "132"]
[EventDate "2016.01.17"]
[WhiteTeam "Shropshire 2"]
[BlackTeam "Iceni 2"]

1. d4 d5 2. Bf4 Nf6 3. e3 e6 4. Nf3 c5 5. c3 Nc6 6. Bd3 cxd4 7. exd4 Qb6 8. Qb3
Qxb3 9. axb3 Bd7 10. h3 Rc8 11. b4 Nh5 12. Bd2 a6 13. g4 Nf6 14. Bf4 h6 15.
Nbd2 Be7 16. Nb3 g5 17. Bg3 Ne4 18. Bxe4 dxe4 19. Ne5 Nxe5 20. dxe5 Bb5 21. Nd4
Bd3 22. Kd2 O-O 23. Rhe1 Rfd8 24. Ke3 Rc4 25. Nb3 Bc2 26. Nd4 Bd3 27. Nb3 Bc2
28. Na5 Rc7 29. Rec1 Bd3 30. Rd1 Rcd7 31. Rd2 Rc7 32. Rad1 b6 33. Nb3 Rdc8 34.
Nc1 Bb5 35. Kxe4 a5 36. bxa5 Rc4+ 37. Rd4 Bc6+ 38. Kd3 Rxd4+ 39. cxd4 bxa5 40.
Ne2 Bb5+ 41. Ke3 Bb4 42. Rc1 Rxc1 43. Nxc1 a4 44. Nd3 Be7 45. Nc5 Kf8 46. f4
Ke8 47. f5 Kd8 48. fxe6 Bxc5 49. dxc5 fxe6 50. h4 Kd7 51. hxg5 hxg5 52. Kd4 Kc6
53. Be1 Be2 54. Bd2 Bxg4 55. Bxg5 Kb5 56. Bd2 Bf3 57. Be1 Bg2 58. Bd2 Bh1 59.
Bh6 Bg2 60. Bf8 Bd5 61. Kd3 Bb3 62. Ke4 Bd5+ 63. Kf4 Kc6 64. Kg5 Bb3 65. Kf6
Bc4 66. Bd6 Bb3 1/2-1/2

[Event "4NCL Division 4 South"]
[Site "Telford, ENG ENG"]
[Date "2016.01.17"]
[Round "4.179"]
[White "Pott, Laurie"]
[Black "Lewis, Christopher D"]
[Result "1/2-1/2"]
[WhiteElo "1742"]
[BlackElo "1862"]
[PlyCount "27"]
[EventDate "2016.01.17"]
[WhiteTeam "Iceni 2"]
[BlackTeam "Shropshire 2"]

1. d4 d5 2. Bf4 Nf6 3. e3 Bf5 4. Bd3 Bxd3 5. Qxd3 c6 6. Nf3 Ne4 7. O-O e6 8. c4
g5 9. Be5 f6 10. cxd5 exd5 11. Bxb8 Qxb8 12. Nc3 f5 13. Ne5 Bd6 14. f4 1/2-1/2

[Event "4NCL Division 4 South"]
[Site "Telford, ENG ENG"]
[Date "2016.01.17"]
[Round "4.180"]
[White "Keady, Mark A"]
[Black "Somton, Anita"]
[Result "0-1"]
[WhiteElo "1832"]
[BlackElo "1488"]
[PlyCount "82"]
[EventDate "2016.01.17"]
[WhiteTeam "Shropshire 2"]
[BlackTeam "Iceni 2"]

1. e4 d5 2. exd5 Qxd5 3. Nc3 Qd6 4. Nf3 Nf6 5. d4 c6 6. Bg5 Bf5 7. Bc4 Nbd7 8.
O-O e6 9. Re1 Be7 10. Bh4 O-O 11. a3 Nb6 12. Bg3 Qd8 13. Qe2 Bxc2 14. Bxe6 Bg6
15. Ba2 Re8 16. Be5 Nfd5 17. Qd2 Nxc3 18. Qxc3 Nd5 19. Qb3 Qd7 20. Bg3 f6 21.
Rad1 Kh8 22. Rd2 a5 23. Qd1 Bd6 24. Bxd6 Qxd6 25. Rde2 Qd7 26. Qd2 Bh5 27.
Rxe8+ Bxe8 28. Bb1 Bh5 29. Qc2 Bg6 30. Qc5 Bxb1 31. Rxb1 Nf4 32. Qc4 Nxg2 33.
d5 cxd5 34. Qd4 Qf5 35. Nd2 Nf4 36. Kh1 Nd3 37. Rf1 Re8 38. Qb6 h6 39. Kg1 Qg5+
40. Kh1 Qxd2 41. Qb5 Qe2 0-1

[Event "4NCL Division 4 South"]
[Site "Telford, ENG ENG"]
[Date "2016.01.17"]
[Round "4.185"]
[White "Chan, Nevil"]
[Black "Reynolds, D Ian W"]
[Result "1/2-1/2"]
[WhiteElo "2040"]
[BlackElo "2026"]
[PlyCount "22"]
[EventDate "2016.01.17"]
[WhiteTeam "Cambridge University 3"]
[BlackTeam "Iceni 1"]

1. d4 Nf6 2. Nc3 d5 3. Bg5 c5 4. Bxf6 gxf6 5. e3 Nc6 6. Qh5 e6 7. Nf3 cxd4 8.
exd4 Bd7 9. Bd3 f5 10. O-O-O Qf6 11. Rhe1 Qh6+ 1/2-1/2

[Event "4NCL Division 4 South"]
[Site "Telford, ENG ENG"]
[Date "2016.01.17"]
[Round "4.186"]
[White "Dickson, George"]
[Black "Campbell, Mark C"]
[Result "1-0"]
[WhiteElo "2007"]
[BlackElo "1964"]
[PlyCount "37"]
[EventDate "2016.01.17"]
[WhiteTeam "Iceni 1"]
[BlackTeam "Cambridge University 3"]

1. e4 c5 2. Nf3 d6 3. d3 Nc6 4. g3 g6 5. Bg2 Bg7 6. O-O e6 7. c3 Nge7 8. Be3
O-O 9. Qd2 b6 10. Bh6 d5 11. Bxg7 Kxg7 12. e5 f6 13. d4 cxd4 14. exf6+ Rxf6 15.
Nxd4 Nxd4 16. Qxd4 Qd6 17. Re1 Bb7 18. Nd2 Raf8 19. Ne4 1-0

[Event "4NCL Division 4 South"]
[Site "Telford, ENG ENG"]
[Date "2016.01.17"]
[Round "4.187"]
[White "Phillips, William"]
[Black "Botham, C Paul"]
[Result "0-1"]
[WhiteElo "1917"]
[BlackElo "1977"]
[PlyCount "86"]
[EventDate "2016.01.17"]
[WhiteTeam "Cambridge University 3"]
[BlackTeam "Iceni 1"]

1. d4 Nf6 2. Nf3 g6 3. Bf4 Bg7 4. Nbd2 d5 5. e3 O-O 6. Bd3 c5 7. c3 cxd4 8.
exd4 Nc6 9. h3 e6 10. Ne5 Nxe5 11. Bxe5 Nd7 12. Bxg7 Kxg7 13. Nf3 b6 14. O-O
Bb7 15. Qd2 Qc7 16. Rae1 Rfe8 17. Bb5 Bc6 18. Bxc6 Qxc6 19. Ne5 Nxe5 20. Rxe5
Rac8 21. f4 Qa4 22. f5 exf5 23. Rxd5 Qxa2 24. Re5 Rxe5 25. dxe5 Qe6 26. Ra1 a5
27. Re1 Re8 28. Kf2 Kg8 29. Re3 f4 30. Re2 g5 31. Qd6 f6 32. Qxe6+ Rxe6 33.
exf6 Rxe2+ 34. Kxe2 Kf7 35. Kd3 Kxf6 36. Kc4 h5 37. Kb5 g4 38. hxg4 hxg4 39.
Kxb6 f3 40. gxf3 gxf3 41. c4 f2 42. c5 f1=Q 43. c6 Ke7 0-1

[Event "4NCL Division 4 South"]
[Site "Telford, ENG ENG"]
[Date "2016.01.17"]
[Round "4.188"]
[White "Calvert, D Ian"]
[Black "Lim, Mark"]
[Result "1-0"]
[WhiteElo "1986"]
[BlackElo "1827"]
[PlyCount "109"]
[EventDate "2016.01.17"]
[WhiteTeam "Iceni 1"]
[BlackTeam "Cambridge University 3"]

1. b3 e5 2. Bb2 Nc6 3. e3 Nf6 4. Nf3 e4 5. Nd4 Bc5 6. Nxc6 dxc6 7. d4 Bb4+ 8.
c3 Bd6 9. Be2 h5 10. h3 Bf5 11. c4 c5 12. Nc3 Qe7 13. Nb5 cxd4 14. Nxd6+ Qxd6
15. Qxd4 Qxd4 16. Bxd4 b6 17. O-O-O c5 18. Bxf6 gxf6 19. Rd5 Bg6 20. Rhd1 h4
21. Bg4 Rg8 22. g3 hxg3 23. fxg3 f5 24. Be2 Bh7 25. g4 fxg4 26. Bxg4 Rh8 27.
Re5+ Kf8 28. Rd7 Bg6 29. Kd2 Re8 30. Rxe8+ Kxe8 31. Rxa7 Rh6 32. Rb7 Bh7 33. a3
Rd6+ 34. Ke2 Rh6 35. Kf2 Kf8 36. b4 Kg8 37. bxc5 bxc5 38. Rc7 f5 39. Be2 Rxh3
40. Rxc5 f4 41. exf4 Rxa3 42. Re5 Kf7 43. c5 Rc3 44. Bg4 Rc2+ 45. Ke3 Rc3+ 46.
Kd4 Rd3+ 47. Kc4 Rg3 48. Be6+ Kf6 49. c6 Rg7 50. Kc5 Rg1 51. c7 Rc1+ 52. Kb6
Rb1+ 53. Rb5 Rc1 54. Rc5 Rb1+ 55. Kc6 1-0

[Event "4NCL Division 4 South"]
[Site "Telford, ENG ENG"]
[Date "2016.01.17"]
[Round "4.195"]
[White "Willmoth, Robert F"]
[Black "Conway, Paul Bernard"]
[Result "1-0"]
[WhiteElo "2245"]
[BlackElo "1907"]
[PlyCount "89"]
[EventDate "2016.01.17"]
[WhiteTeam "Barnet Knights 1"]
[BlackTeam "Hackney 2"]

1. d4 Nf6 2. c4 c5 3. d5 e6 4. Nc3 exd5 5. cxd5 d6 6. g3 g6 7. Bg2 Bg7 8. Nf3
O-O 9. O-O a6 10. a4 Nbd7 11. Nd2 Rb8 12. Nc4 Qe7 13. a5 b5 14. axb6 Ne5 15.
Na5 Rxb6 16. f4 Neg4 17. Nc6 Qc7 18. h3 Nh6 19. e4 Nd7 20. g4 f6 21. Qc2 Nb8
22. Na5 Nf7 23. Bd2 Nd7 24. Rfe1 Re8 25. Ne2 Qb8 26. Bc3 Nf8 27. Ra3 Qa7 28.
Nc6 Qd7 29. b3 h6 30. Ng3 Nh7 31. e5 fxe5 32. Qxg6 Nf8 33. Qd3 exf4 34. Rxe8
Qxe8 35. Nh5 Bxc3 36. Qxc3 Qe3+ 37. Qxe3 fxe3 38. Ne7+ Kh8 39. Nxc8 Rb8 40. Na7
c4 41. b4 Rxb4 42. Rxe3 Rb8 43. Nc6 Rc8 44. Rc3 Ne5 45. Nxe5 1-0

[Event "4NCL Division 4 South"]
[Site "Telford, ENG ENG"]
[Date "2016.01.17"]
[Round "4.196"]
[White "Ng, Han"]
[Black "Pollack, Oscar"]
[Result "0-1"]
[WhiteElo "1785"]
[BlackElo "1960"]
[PlyCount "92"]
[EventDate "2016.01.17"]
[WhiteTeam "Hackney 2"]
[BlackTeam "Barnet Knights 1"]

1. d4 e6 2. c4 Nf6 3. Nf3 b6 4. g3 Bb7 5. Bg2 Bb4+ 6. Bd2 Qe7 7. O-O O-O 8. a3
Bxd2 9. Nbxd2 d5 10. Ne5 Nc6 11. Nxc6 Bxc6 12. Rc1 Bb7 13. cxd5 exd5 14. b4 a5
15. b5 Ne4 16. Nxe4 dxe4 17. e3 Rac8 18. Qb3 Kh8 19. Bh3 f5 20. Rc3 h5 21. Rfc1
g5 22. Qd1 Rf7 23. Bf1 h4 24. d5 hxg3 25. hxg3 f4 26. Bh3 fxg3 27. Bxc8 gxf2+
28. Kf1 Bxc8 29. Qh5+ Rh7 30. Rxc7 Rxh5 31. Rxc8+ Kg7 32. R1c7 Kf6 33. Rxe7
Kxe7 34. Rc6 Rh2 35. Rxb6 g4 36. Re6+ Kf7 37. Rxe4 g3 38. Rf4+ Ke7 39. e4 Rh1+
40. Kg2 Rg1+ 41. Kh3 f1=Q+ 42. Rxf1 Rxf1 43. Kxg3 Ra1 44. Kf4 Rxa3 45. Ke5 Rb3
46. Kd4 Rxb5 0-1

[Event "4NCL Division 4 South"]
[Site "Telford, ENG ENG"]
[Date "2016.01.17"]
[Round "4.197"]
[White "Karia, Rishul"]
[Black "Polat, Zeynel"]
[Result "1/2-1/2"]
[WhiteElo "1862"]
[BlackElo "1772"]
[PlyCount "98"]
[EventDate "2016.01.17"]
[WhiteTeam "Barnet Knights 1"]
[BlackTeam "Hackney 2"]

1. e4 e6 2. d4 d5 3. exd5 exd5 4. Bd3 Nf6 5. h3 c5 6. c3 Nc6 7. Nf3 cxd4 8.
Nxd4 Nxd4 9. cxd4 Bb4+ 10. Nc3 O-O 11. O-O h6 12. Be3 Re8 13. Rc1 a6 14. Na4
Qd6 15. Qf3 Ne4 16. Bf4 Qf6 17. Bxe4 Rxe4 18. Be5 Qg6 19. a3 Bd7 20. Nc5 Bxc5
21. Rxc5 f6 22. Rxd5 Bc6 23. Rd6 Re3 24. Qg4 Qxg4 25. hxg4 Re2 26. Bf4 Rxb2 27.
d5 Bb5 28. Rc1 Re8 29. Rb6 Re4 30. Be3 Rb3 31. Rxb7 Rxa3 32. d6 Rd3 33. Rcc7
Rxg4 34. d7 Kh7 35. Bb6 f5 36. d8=Q {(=)} Rxd8 37. Rxg7+ Rxg7 38. Rxg7+ Kxg7
39. Bxd8 Kg6 40. Kh2 f4 41. f3 Bd7 42. Bc7 Kf5 43. Kh3 Kg5+ 44. Kh2 h5 45. Bd8+
Kf5 46. Kh3 Bb5 47. Kh2 Be2 48. Kh3 Bf1 49. Kh2 Ke5 1/2-1/2